00411nam a22001457a 450000500170000000800410001702200140005804100130007208200130008510000130009824500540011126000480016530000260021365000260023920240412070705.0240412b |||||||| |||| 00| 0 eng d a02582503  aEnglish  a349 SOU  lEnglish  aThe South African Law Journal /cedited by E Kahn aCape Town : bJuta and Company Ltd, c1993  b194 pages ; c25 cm.  aLegal practice bLaw